|
|
|
|
| LEADER |
00000nam#a22000001a#4500 |
| 001 |
00011404 |
| 003 |
AR-BaUAD |
| 005 |
20230908141318.0 |
| 008 |
950209s1965####ve#||||##||||||||#||spa|d |
| 040 |
|
|
|a AR-BaUAD
|b spa
|c AR-BaUAD
|
| 041 |
|
|
|a spa
|
| 044 |
|
|
|c ve
|2 ISO3166-1
|
| 245 |
0 |
0 |
|a Informe preliminar sobre el problema dela vivienda, discriminado por tipos de acción y grupos de ingresos, para 1961 y estimaciones para 1970 en las ciudades de: Acarigua, Barcelona, Barquisimeto, Carúpano, Ciudad Bolívar
|
| 260 |
|
|
|a Caracas :
|b [Banco Obrero, Oficina de Programación y Presupuesto],
|c 1965
|
| 300 |
|
|
|a paginación varia :
|b tablas
|
| 653 |
|
|
|a POLITICA HABITACIONAL
|
| 653 |
|
|
|a INVESTIGACION
|
| 653 |
|
|
|a VIVIENDA
|
| 653 |
|
|
|a VENEZUELA
|
| 655 |
|
|
|a TEXTO
|
| 852 |
|
|
|c 102-5
|
| 952 |
|
|
|0 0
|1 0
|4 0
|6 1025
|7 0
|9 24629
|a AR-BaUAD
|b AR-BaUAD
|d 0000-00-00
|e donac.
|g 400.00
|i 11404
|l 0
|o 102-5
|p x1c2w11404
|r 2023-09-08 14:13:18
|w 2023-09-08
|y BK
|
| 990 |
|
|
|a Ej. No1 : 11404 . 12/10/1968 -- donac. (400 pesos).
|b ADM
|
| 990 |
|
|
|a AQ196
|b TD
|
| 990 |
|
|
|a AAQ00011404
|b CC
|
| 998 |
|
|
|a AAQ
|b Bibun 76
|
| 942 |
|
|
|c BK
|
| 999 |
|
|
|c 10690
|d 10690
|